| 000 | 00671nam a22002057a 4500 | ||
|---|---|---|---|
| 005 | 20170811103613.0 | ||
| 010 | _aENG-119666 | ||
| 020 |
_a9789382633310 _c2200.00 |
||
| 035 | _aEN-103198 | ||
| 037 | _bDBAD/PUB | ||
| 082 | _a378 | ||
| 100 | _aGoel, Aruna | ||
| 245 |
_aOrganisations, administration and functions of higher education / _cby Aruna Goel [and] S.L. Goel |
||
| 260 |
_aNew Delhi _bDeep and Deep Publications Pvt.Ltd. _c2010 |
||
| 270 |
_aF-159, Rajouri Garden, _bNew Delhi _e110027 |
||
| 300 |
_aIiv,522p. _c25cm(Hb) |
||
| 500 | _aIncludes bibliographical references and index | ||
| 700 | _dGoel, S.L. | ||
| 942 |
_2ddc _cEN _h378 _mGOE |
||
| 999 |
_c143240 _d143240 |
||